[Event "4NCL/Div2/MMNWE2 vs. PYO"]
[Site "Telford ENG"]
[Date "2004.03.20"]
[Round "5.4"]
[White "Player, Edmund C"]
[Black "Hulmes, David I"]
[Result "0-1"]
[WhiteElo "2166"]
[BlackElo "2170"]
[PlyCount "76"]
[EventDate "2004.03.20"]

1. e4 e5 2. Nc3 Nc6 3. Bc4 Nf6 4. d3 Na5 5. Nge2 Nxc4 6. dxc4 Bc5 7. Qd3 c6 8.
O-O d6 9. b3 Be6 10. Bb2 Qc7 11. Na4 Nd7 12. Rad1 O-O 13. Ng3 Rad8 14. Kh1 f6
15. Rd2 Nb6 16. Nxc5 dxc5 17. Qe3 Rxd2 18. Qxd2 Nc8 19. Rd1 Rf7 20. Qd8+ Qxd8
21. Rxd8+ Rf8 22. Rd2 Kf7 23. Kg1 b6 24. Kf1 Ke7 25. Ke2 Nd6 26. Ke3 Rd8 27. f4
Nxc4+ 28. bxc4 exf4+ 29. Ke2 fxg3 30. hxg3 Bxc4+ 31. Ke3 Rxd2 32. Kxd2 Bxa2 33.
g4 Ke6 34. Ke3 Bb1 35. c3 a5 36. g3 b5 37. g5 fxg5 38. c4 g6 0-1

[Event "4NCL/Div2/MMNWE2 vs. PYO"]
[Site "Telford ENG"]
[Date "2004.03.20"]
[Round "5.5"]
[White "Savory, Richard J"]
[Black "Eckersley Waites, Tom"]
[Result "1-0"]
[WhiteElo "2096"]
[BlackElo "2133"]
[PlyCount "45"]
[EventDate "2004.03.20"]

1. e4 c5 2. Nf3 d6 3. d4 Nf6 4. Nc3 cxd4 5. Nxd4 a6 6. f4 e5 7. Nf3 Nbd7 8. a4
Qc7 9. Bd3 Be7 10. O-O O-O 11. Kh1 exf4 12. Bxf4 Nc5 13. Nd5 Nxd5 14. exd5 Bf6
15. Ng5 Nxd3 16. Qxd3 g6 17. Bxd6 Qxd6 18. Ne4 Qe5 19. Nxf6+ Kg7 20. Rae1 Qxb2
21. Qg3 b5 22. c3 b4 23. Qh4 1-0

[Event "4NCL/Div2/MMNWE2 vs. PYO"]
[Site "Telford ENG"]
[Date "2004.03.20"]
[Round "5.6"]
[White "Bennet, William D"]
[Black "Hanley, James"]
[Result "1-0"]
[WhiteElo "2077"]
[BlackElo "2008"]
[PlyCount "127"]
[EventDate "2004.03.20"]

1. d4 Nf6 2. c4 g6 3. Nc3 Bg7 4. e4 d6 5. f4 O-O 6. Nf3 c5 7. d5 e6 8. Bd3 exd5
9. cxd5 Re8 10. O-O Nbd7 11. Re1 Nb6 12. a4 Bg4 13. Bd2 c4 14. Bc2 Nbd7 15. Be3
a6 16. h3 Bxf3 17. Qxf3 Qc7 18. Rad1 Rad8 19. Bd4 Nh5 20. Kh2 Bxd4 21. Rxd4 Qc5
22. Rd2 b5 23. axb5 axb5 24. Rde2 b4 25. Nd1 f6 26. Ne3 Re7 27. Nf5 Ree8 28.
Qg4 Kh8 29. Ba4 Qc7 30. Nh4 Rg8 31. Bc6 Nb8 32. Bb5 Qc5 33. Ba4 Qa7 34. Bc2 Qg7
35. Qf3 Nxf4 36. Rf2 g5 37. Nf5 Qf8 38. g3 Ng6 39. Nd4 Ne5 40. Qf5 Re8 41. Ba4
Nd3 42. Bxe8 Nxe1 43. Bb5 Nd3 {=} 44. Rc2 Ne5 45. Bxc4 g4 46. Bb5 gxh3 47. Qxh3
Ng4+ 48. Kg1 Qe7 49. Re2 Qa7 50. Rd2 Nd7 51. Bxd7 Qxd7 52. Qf1 Qa7 53. Qf4 Qc5
54. Kg2 Qb6 55. Nf5 Ne5 56. Rc2 b3 57. Rc3 Qa6 58. Nd4 Ng4 59. Rxb3 Qc4 60. Qd2
Ne5 61. Rc3 Qb4 62. Rc2 Qb6 63. Nf5 Qb3 64. Qc3 1-0

[Event "4NCL/Div2/MMNWE2 vs. PYO"]
[Site "Telford ENG"]
[Date "2004.03.20"]
[Round "5.7"]
[White "Addis, Mark"]
[Black "Levermore, Peter A"]
[Result "0-1"]
[WhiteElo "1864"]
[BlackElo "2066"]
[PlyCount "44"]
[EventDate "2004.03.20"]

1. d4 g6 2. c4 Bg7 3. Nc3 d6 4. e4 Nd7 5. Be3 e5 6. d5 Ne7 7. g4 O-O 8. Qd2 f5
9. gxf5 gxf5 10. f3 fxe4 11. fxe4 Nf6 12. Be2 Ng4 13. Bxg4 Bxg4 14. Nge2 Ng6
15. O-O-O Rf3 16. Rdg1 Qh4 17. Kb1 a6 18. Bg5 Qh3 19. Rg3 Rxg3 20. Nxg3 Rf8 21.
Be3 Nh4 22. Bh6 Nf3 0-1

[Event "4NCL/Div2/PPA1 vs. SWD1"]
[Site "Telford ENG"]
[Date "2004.03.21"]
[Round "6.1"]
[White "Swanson, Stephen"]
[Black "Dineley, Richard D P"]
[Result "1/2-1/2"]
[WhiteElo "2283"]
[BlackElo "2269"]
[PlyCount "45"]
[EventDate "2004.03.21"]

1. e4 c5 2. Nf3 e6 3. d3 Nc6 4. g3 g6 5. Bg2 Bg7 6. O-O Nge7 7. c3 O-O 8. Re1
d5 9. e5 Nf5 10. h4 f6 11. exf6 Qxf6 12. Qe2 e5 13. Na3 Nfe7 14. Bg5 Qf7 15.
Nh2 h6 16. Bxe7 Nxe7 17. Nc2 Nc6 18. Rad1 Be6 19. Rf1 Qd7 20. b3 Rae8 21. Qd2
Rd8 22. Qe3 d4 23. cxd4 1/2-1/2

[Event "4NCL/Div2/PPA1 vs. SWD1"]
[Site "Telford ENG"]
[Date "2004.03.21"]
[Round "6.2"]
[White "Cooper, John G"]
[Black "Munson, Shaun D"]
[Result "1-0"]
[WhiteElo "2310"]
[BlackElo "2294"]
[PlyCount "53"]
[EventDate "2004.03.21"]

1. d4 d5 2. c4 c6 3. Nf3 Nf6 4. Nc3 dxc4 5. a4 Na6 6. e4 Bg4 7. Bxc4 Bxf3 8.
Qxf3 Qxd4 9. Bxa6 bxa6 10. O-O e5 11. Qg3 Qd6 12. f4 Nh5 13. Qf3 Nxf4 14. Bxf4
exf4 15. e5 Qe6 16. Ne4 Be7 17. Nd6+ Kf8 18. Qxf4 Bxd6 19. exd6 Rd8 20. Rae1
Qd5 21. Re5 Qb3 22. Re7 h5 23. Qxf7+ Qxf7 24. Rfxf7+ Kg8 25. Rxg7+ Kf8 26.
Ref7+ Ke8 27. d7+ 1-0

[Event "4NCL/Div2/PPA1 vs. SWD1"]
[Site "Telford ENG"]
[Date "2004.03.21"]
[Round "6.3"]
[White "Byway, Paul"]
[Black "James, David J"]
[Result "1/2-1/2"]
[WhiteElo "2213"]
[BlackElo "2258"]
[PlyCount "111"]
[EventDate "2004.03.21"]

1. d4 Nf6 2. Nf3 b6 3. e3 g6 4. c4 Bg7 5. Nc3 O-O 6. Bd3 c5 7. O-O d6 8. h3
Nbd7 9. d5 a6 10. a4 e6 11. dxe6 fxe6 12. Be4 Nxe4 13. Nxe4 Ne5 14. Nxe5 Bxe5
15. f4 Bb7 16. Ng5 Qf6 17. Ra2 d5 18. b3 Bc7 19. Raf2 Rad8 20. Qg4 Rfe8 21. Bb2
d4 22. exd4 cxd4 23. Re1 Qf5 24. Qh4 Rd7 25. Bxd4 h5 26. Be5 Bxe5 27. fxe5 Qd3
28. Qf4 Qf5 29. Qe3 Rd3 30. Qxb6 Qxg5 31. Qxb7 Qe7 32. Qe4 Rg3 33. Qf4 Rxb3 34.
Qh6 Qg7 35. Qxg7+ Kxg7 36. Rc1 Re3 37. c5 Rxe5 38. c6 Rc8 39. Rb2 Rf5 40. Rb6
a5 41. c7 Rf7 42. Rxe6 Rcxc7 43. Rxc7 Rxc7 44. Re5 Rc1+ 45. Kh2 Ra1 46. Rxa5 h4
47. Ra7+ Kh6 48. a5 Kg5 49. a6 Kf6 50. Ra8 Kg7 51. a7 Kh7 52. g4 hxg3+ 53. Kxg3
Kg7 54. Kf4 Rf1+ 55. Ke5 Re1+ 56. Kd6 1/2-1/2

[Event "4NCL/Div2/PPA1 vs. SWD1"]
[Site "Telford ENG"]
[Date "2004.03.21"]
[Round "6.4"]
[White "Zeidler, Sven P"]
[Black "Harley, Andrew"]
[Result "1/2-1/2"]
[WhiteElo "2233"]
[BlackElo "2238"]
[PlyCount "38"]
[EventDate "2004.03.21"]

1. e4 c5 2. Nc3 Nc6 3. f4 g6 4. Nf3 Bg7 5. Bb5 Nd4 6. O-O Nxb5 7. Nxb5 d5 8. e5
a6 9. Nc3 d4 10. Ne4 Qd5 11. Qe2 Nh6 12. c4 dxc3 13. Nxc3 Qd8 14. a4 Bf5 15.
Re1 Rc8 16. h3 Bd3 17. Qf2 Nf5 18. g4 Nd4 19. Nxd4 Qxd4 1/2-1/2

[Event "4NCL/Div2/PPA1 vs. SWD1"]
[Site "Telford ENG"]
[Date "2004.03.21"]
[Round "6.5"]
[White "Dignam, Matthew"]
[Black "Blackburn, Jonathan L B"]
[Result "1/2-1/2"]
[WhiteElo "2159"]
[BlackElo "2165"]
[PlyCount "88"]
[EventDate "2004.03.21"]

1. e4 e6 2. d4 d5 3. Nd2 Be7 4. Ngf3 c5 5. exd5 exd5 6. dxc5 Nf6 7. Be2 O-O 8.
O-O Bxc5 9. Nb3 Bb6 10. Bg5 Be6 11. Nfd4 Nbd7 12. Nxe6 fxe6 13. Bf3 Qc7 14. a4
a5 15. Nd4 Bxd4 16. Qxd4 Qxc2 17. Rac1 Qf5 18. Bd2 Ne5 19. Be2 Nc6 20. Qb6 Qe5
21. Rfe1 Qd4 22. Qxb7 Qxd2 23. Qxc6 Qxb2 24. Qxe6+ Kh8 25. Bf3 Qb4 26. Qc6 Rac8
27. Qxc8 Qxe1+ 28. Rxe1 Rxc8 29. g4 h6 30. h4 Rc4 31. g5 hxg5 32. hxg5 Ne4 33.
g6 Rxa4 34. Rc1 Rc4 35. Rd1 Nc3 36. Re1 Rc8 37. Bg4 Rb8 38. Re3 d4 39. Rh3+ Kg8
40. Be6+ Kf8 41. Rh8+ Ke7 42. Rxb8 Kxe6 43. Kf1 a4 44. Ra8 Kf5 1/2-1/2

[Event "4NCL/Div2/PPA1 vs. SWD1"]
[Site "Telford ENG"]
[Date "2004.03.21"]
[Round "6.6"]
[White "Morris, Charles F"]
[Black "Morgan, Ben"]
[Result "0-1"]
[WhiteElo "2225"]
[BlackElo "2204"]
[PlyCount "66"]
[EventDate "2004.03.21"]

1. Nf3 d5 2. c4 e6 3. g3 Nf6 4. Bg2 Be7 5. O-O O-O 6. b3 c5 7. Bb2 Nc6 8. e3 d4
9. exd4 cxd4 10. Re1 Qb6 11. d3 Bd6 12. Nbd2 Re8 13. Ng5 Bd7 14. Nde4 Be7 15.
Qf3 Rad8 16. Bc1 Nb4 17. Re2 a5 18. a3 Na6 19. Rb1 Bc6 20. b4 axb4 21. axb4 h6
22. Nxf6+ Bxf6 23. Ne4 Be7 24. Qh5 f5 25. Bh3 Bxe4 26. dxe4 d3 27. Be3 Bc5 28.
Bxc5 Nxc5 29. Rd2 Nxe4 30. Rxd3 Qxf2+ 31. Kh1 Qc2 32. Rxd8 Qxb1+ 33. Rd1 Qxd1+
0-1

[Event "4NCL/Div2/PPA1 vs. SWD1"]
[Site "Telford ENG"]
[Date "2004.03.21"]
[Round "6.7"]
[White "Day, Tom W"]
[Black "Logothetis, Sotirios"]
[Result "1/2-1/2"]
[WhiteElo "2134"]
[BlackElo "2238"]
[PlyCount "93"]
[EventDate "2004.03.21"]

1. d4 d5 2. c4 e6 3. Nc3 Be7 4. cxd5 exd5 5. Bf4 c6 6. Qc2 Bd6 7. Bxd6 Qxd6 8.
e3 Qg6 9. Qxg6 hxg6 10. f3 Ne7 11. e4 Be6 12. Bd3 Nd7 13. Nge2 g5 14. Rc1 Nb6
15. Ng3 Rd8 16. Nce2 Rh4 17. Nf5 Bxf5 18. exf5 Kd7 19. Kf2 Rdh8 20. h3 Nbc8 21.
g4 Rxh3 22. Rxh3 Rxh3 23. Kg2 Rh8 24. f4 gxf4 25. Nxf4 Nd6 26. Rf1 Ng8 27. g5
Ne7 28. Nh3 Rh4 29. f6 gxf6 30. gxf6 Rxd4 31. Rf3 Rg4+ 32. Kf2 Ng8 33. Ke3 Ne4
34. Nf2 Nxf2 35. Rxf2 Rg3+ 36. Kd2 Ke6 37. Bf5+ Ke5 38. Bc8 Nxf6 39. Rf5+ Kd4
40. Rxf6 Rg2+ 41. Kc1 Rg1+ 42. Kc2 Rg2+ 43. Kb3 Rg3+ 44. Kb4 c5+ 45. Ka4 Rg2
46. Rxf7 b5+ 47. Kxb5 1/2-1/2

[Event "4NCL/Div2/PPA1 vs. SWD1"]
[Site "Telford ENG"]
[Date "2004.03.21"]
[Round "6.8"]
[White "Wilson, Julie"]
[Black "Aarons, Poppy J"]
[Result "1/2-1/2"]
[WhiteElo "1720"]
[BlackElo "1884"]
[PlyCount "44"]
[EventDate "2004.03.21"]

1. d4 e6 2. c4 Nf6 3. Nf3 d5 4. e3 c6 5. Nc3 Nbd7 6. Bd2 Qc7 7. cxd5 exd5 8.
Rc1 Nb6 9. Ne5 Bf5 10. Be2 Qd8 11. O-O Bd6 12. f3 Qe7 13. e4 Bg6 14. Nxg6 hxg6
15. e5 Bc7 16. Bg5 Bxe5 17. dxe5 Qxe5 18. f4 Qe3+ 19. Kh1 Qg3 20. h3 Rxh3+ 21.
gxh3 Qxh3+ 22. Kg1 Qg3+ 1/2-1/2

[Event "4NCL/Div2/3CS2 vs. MMNWE2"]
[Site "Telford ENG"]
[Date "2004.03.21"]
[Round "6.1"]
[White "James, Dale R"]
[Black "Hague, Ben"]
[Result "0-1"]
[WhiteElo "2200"]
[BlackElo "2227"]
[PlyCount "84"]
[EventDate "2004.03.21"]

1. e4 g6 2. d4 Bg7 3. h4 d5 4. e5 c5 5. c3 h5 6. Bd3 Nh6 7. Ne2 Bg4 8. f3 Bf5
9. Bxh6 Rxh6 10. Bxf5 gxf5 11. Qd3 e6 12. Qb5+ Qd7 13. Qb3 Nc6 14. Nd2 f6 15.
f4 fxe5 16. fxe5 O-O-O 17. O-O-O Qf7 18. Nf3 Rg6 19. g3 Bh6+ 20. Kb1 c4 21. Qc2
Rdg8 22. Rdf1 b5 23. b4 a5 24. a3 axb4 25. axb4 Kb7 26. Ne1 Ra8 27. Qb2 Rgg8
28. Nc2 Ra4 29. Rf3 Kb6 30. Nc1 Rga8 31. Rhf1 Qh7 32. R1f2 R8a6 33. Ne2 Qa7 34.
Nc1 Bxc1 35. Kxc1 Ra2 36. Qb1 Ra1 37. Nxa1 Rxa1 38. Rb2 Rxb1+ 39. Kxb1 Qg7 40.
Rbf2 Qg4 41. Kc2 Qe4+ 42. Kd2 Nxd4 0-1

[Event "4NCL/Div2/3CS2 vs. MMNWE2"]
[Site "Telford ENG"]
[Date "2004.03.21"]
[Round "6.2"]
[White "Tebb, David J"]
[Black "Shaw, David A"]
[Result "0-1"]
[WhiteElo "2240"]
[BlackElo "2165"]
[PlyCount "78"]
[EventDate "2004.03.21"]

1. e4 e6 2. d4 d5 3. Nc3 Bb4 4. e5 c5 5. a3 Bxc3+ 6. bxc3 Qc7 7. Nf3 Ne7 8. a4
Nbc6 9. Bd3 cxd4 10. cxd4 Nxd4 11. Bb2 Nxf3+ 12. Qxf3 Qa5+ 13. Kf1 Bd7 14. h4
Qb4 15. Ra2 Bxa4 16. Qe2 Bc6 17. h5 a6 18. c3 Qf4 19. g3 Qg5 20. Ra1 f6 21.
exf6 Qxf6 22. c4 d4 23. Rh4 e5 24. Ra5 b5 25. cxb5 Bf3 26. Qe1 O-O 27. bxa6 Bd5
28. f4 exf4 29. gxf4 Rae8 30. Qf2 Nf5 31. Rh3 Qe6 32. a7 Ne3+ 33. Rxe3 dxe3 34.
Qg3 Rf7 35. f5 Rxf5+ 36. Bxf5 Qxf5+ 37. Ke1 Qb1+ 38. Ke2 Qxb2+ 39. Kd3 Qd2# 0-1

[Event "4NCL/Div2/3CS2 vs. MMNWE2"]
[Site "Telford ENG"]
[Date "2004.03.21"]
[Round "6.3"]
[White "Adams, Phil"]
[Black "Ghasi, Sumeet K"]
[Result "1-0"]
[WhiteElo "2077"]
[BlackElo "2207"]
[PlyCount "87"]
[EventDate "2004.03.21"]

1. e4 c5 2. Nc3 Nc6 3. Nge2 e5 4. Nd5 Nge7 5. Nec3 Nxd5 6. Nxd5 d6 7. Bc4 Rb8
8. a4 Be7 9. d3 O-O 10. O-O Kh8 11. f4 f5 12. c3 a6 13. Qh5 g6 14. Qh6 Be6 15.
Bd2 b5 16. axb5 axb5 17. Bb3 fxe4 18. dxe4 c4 19. Bc2 Rf7 20. Nxe7 Nxe7 21.
fxe5 Ng8 22. Qe3 Rxf1+ 23. Rxf1 dxe5 24. Qg3 Qc7 25. Be3 Rc8 26. Ra1 Qb8 27.
Ra8 Qc7 28. Rxc8 Bxc8 29. Bd4 Nf6 30. Bxe5 Qc6 31. Qf4 Kg7 32. Bxf6+ Qxf6 33.
Qc7+ Qf7 34. Qxc8 Qa7+ 35. Kf1 Qa1+ 36. Ke2 Qxb2 37. Kd2 Qa3 38. Qd7+ Kh6 39.
Qh3+ Kg7 40. Qd7+ Kh6 41. Qd4 Qa8 42. h4 Qf8 43. Bd1 Qf1 44. g4 1-0

[Event "4NCL/Div2/3CS2 vs. MMNWE2"]
[Site "Telford ENG"]
[Date "2004.03.21"]
[Round "6.4"]
[White "Hulmes, David I"]
[Black "Plant, Paul"]
[Result "1/2-1/2"]
[WhiteElo "2170"]
[BlackElo "2097"]
[PlyCount "71"]
[EventDate "2004.03.21"]

1. e4 e6 2. d4 d5 3. Nd2 Nf6 4. e5 Nfd7 5. Bd3 c5 6. c3 Nc6 7. Ne2 cxd4 8. cxd4
f6 9. exf6 Nxf6 10. Nf3 Bd6 11. O-O Qc7 12. Bg5 O-O 13. Bh4 g6 14. Rc1 Qg7 15.
Bg3 Bxg3 16. Nxg3 Qh6 17. Bb5 Bd7 18. Bxc6 Bxc6 19. Qd2 Qxd2 20. Nxd2 Rae8 21.
Nf3 Nd7 22. Rfe1 e5 23. Nxe5 Nxe5 24. Rxe5 Rxe5 25. dxe5 Rf4 {=} 26. f3 Kf7 27.
a3 Rd4 28. Re1 Ke6 29. Ne2 Rd2 30. Nf4+ Ke7 31. Re2 Rd1+ 32. Kf2 d4 33. Re1
Rd2+ 34. Re2 Rd1 35. Re1 Rd2+ 36. Re2 1/2-1/2

[Event "4NCL/Div2/3CS2 vs. MMNWE2"]
[Site "Telford ENG"]
[Date "2004.03.21"]
[Round "6.5"]
[White "Kosteniuk, Oxana"]
[Black "Hughes, Howard R"]
[Result "0-1"]
[WhiteElo "2113"]
[BlackElo "2212"]
[PlyCount "88"]
[EventDate "2004.03.21"]

1. e4 d5 2. exd5 Qxd5 3. Nc3 Qa5 4. d4 Nf6 5. Bc4 Bg4 6. Nf3 Nc6 7. Bb5 O-O-O
8. Bxc6 bxc6 9. h3 Qh5 10. O-O Bxf3 11. Qxf3 Qxf3 12. gxf3 e6 13. Be3 Nd5 14.
Ne4 Be7 15. Nd2 c5 16. c3 cxd4 17. cxd4 e5 18. Nb3 Nxe3 19. fxe3 exd4 20. exd4
Bf6 21. Rad1 Rd5 22. Rd2 Rhd8 23. Rfd1 c5 24. dxc5 Rxd2 25. Rxd2 Rxd2 26. Nxd2
Bxb2 27. Nb3 Kc7 28. Kf2 Kc6 29. Ke3 Kd5 30. Kd3 Bf6 31. c6 Kxc6 32. Kc4 g5 33.
Nd2 Bd8 34. Ne4 h5 35. Ng3 h4 36. Ne2 Kd6 37. Nd4 Bb6 38. Ne2 Ke5 39. Kd3 f5
40. a3 Bf2 41. Kd2 g4 42. fxg4 fxg4 43. hxg4 h3 44. Nc1 Bh4 0-1

[Event "4NCL/Div2/3CS2 vs. MMNWE2"]
[Site "Telford ENG"]
[Date "2004.03.21"]
[Round "6.6"]
[White "Savory, Richard J"]
[Black "Martin, Katie"]
[Result "1-0"]
[WhiteElo "2096"]
[BlackElo "1987"]
[PlyCount "39"]
[EventDate "2004.03.21"]

1. e4 e5 2. Nf3 Nf6 3. d4 Nxe4 4. Bd3 d5 5. Nxe5 Nd7 6. O-O Bd6 7. c4 c6 8.
cxd5 cxd5 9. Nd2 Nxd2 10. Bxd2 O-O 11. Re1 Qc7 12. Rc1 Qb8 13. Re3 f6 14. Qh5
f5 15. Nxd7 Bxd7 16. Rh3 Rf6 17. Qxh7+ Kf7 18. Qh5+ Kf8 19. Qf3 Kf7 20. Bg5 1-0

[Event "4NCL/Div2/3CS2 vs. MMNWE2"]
[Site "Telford ENG"]
[Date "2004.03.21"]
[Round "6.7"]
[White "Hickman, Alexander"]
[Black "Hanley, James"]
[Result "1/2-1/2"]
[WhiteElo "1936"]
[BlackElo "2008"]
[PlyCount "94"]
[EventDate "2004.03.21"]

1. d4 Nf6 2. c4 g6 3. Nc3 Bg7 4. e4 d6 5. Be2 O-O 6. Bg5 h6 7. Be3 e5 8. d5 Qe7
9. Qd2 Kh7 10. h4 Ng4 11. Bxg4 Bxg4 12. f3 Bd7 13. h5 g5 14. g4 Na6 15. Nge2
Rfd8 16. Ng3 c6 17. O-O Nc7 18. a4 Bf8 19. Qf2 c5 20. Bd2 Rdb8 21. Nb5 Qd8 22.
b4 Na6 23. Rfb1 Rc8 24. Nxa7 Rxa7 25. b5 Nb8 26. a5 Be7 27. Qe2 Qf8 28. Kg2 Re8
29. Qd3 Kg8 30. Qe2 Bd8 31. Qd3 Bc8 32. Bc3 Nd7 33. Qe2 Nf6 34. Bd2 {=} 34...
Be7 35. Bc3 Bd7 36. Kf2 Rea8 37. Kg2 Bd8 38. b6 Ra6 39. Kh1 Be7 40. Kg2 Qc8 41.
Kh3 Bd8 42. Qd1 {=} 42... Kh7 43. Qe2 Ng8 44. Kg2 Ne7 45. Kh2 Kg8 46. Kg2 Kh7
47. Qd1 Kg8 1/2-1/2

[Event "4NCL/Div2/GUI2 vs. WES1"]
[Site "Telford ENG"]
[Date "2004.03.21"]
[Round "6.1"]
[White "Cherniaev, Alexander"]
[Black "Poulton, James"]
[Result "1-0"]
[WhiteElo "2496"]
[BlackElo "2366"]
[PlyCount "67"]
[EventDate "2004.03.21"]

1. e4 e6 2. d4 d5 3. e5 c5 4. c3 Bd7 5. Nf3 Qb6 6. a3 cxd4 7. cxd4 Bb5 8. Bxb5+
Qxb5 9. Nc3 Qd7 10. Ne2 Nc6 11. Nf4 f6 12. Nd3 b6 13. b4 g6 14. Bd2 Bg7 15. b5
Nd8 16. a4 Nf7 17. exf6 Nxf6 18. Nfe5 Nxe5 19. Nxe5 Qe7 20. Nc6 Qf7 21. Bb4 Bf8
22. Bxf8 Kxf8 23. O-O Kg7 24. Qe2 Rhe8 25. Ra3 Qc7 26. a5 a6 27. axb6 Qxb6 28.
Rfa1 axb5 29. Rxa8 Rxa8 30. Rxa8 Qxc6 31. Ra7+ Kg8 32. h3 b4 33. Qe5 Nd7 34.
Qc7 1-0

[Event "4NCL/Div2/GUI2 vs. WES1"]
[Site "Telford ENG"]
[Date "2004.03.21"]
[Round "6.2"]
[White "Webb, Richard M"]
[Black "Povah, Nigel E"]
[Result "0-1"]
[WhiteElo "2348"]
[BlackElo "2369"]
[PlyCount "48"]
[EventDate "2004.03.21"]

1. e4 d5 2. exd5 Nf6 3. d4 Bg4 4. Nf3 Qxd5 5. Be2 Nc6 6. h3 Bxf3 7. Bxf3 Qd7 8.
c3 O-O-O 9. O-O e5 10. Qb3 e4 11. Be2 Nd5 12. Qc2 f5 13. Nd2 Nf4 14. Nc4 g5 15.
b4 Bxb4 16. Bxf4 gxf4 17. d5 Qg7 18. dxc6 Rhg8 19. Bg4 fxg4 20. Qxe4 gxh3 21.
cxb7+ Kb8 22. Ne5 Rd6 23. Rfd1 Bxc3 24. Rxd6 Bxe5 0-1

[Event "4NCL/Div2/GUI2 vs. WES1"]
[Site "Telford ENG"]
[Date "2004.03.21"]
[Round "6.3"]
[White "Thompson, Ian D"]
[Black "Corkett, Anthony R"]
[Result "0-1"]
[WhiteElo "2281"]
[BlackElo "2314"]
[PlyCount "88"]
[EventDate "2004.03.21"]

1. c4 Nf6 2. g3 g6 3. Bg2 Bg7 4. Nc3 O-O 5. e3 c6 6. Nge2 d6 7. O-O Bf5 8. e4
Bd7 9. h3 a6 10. d4 Qc8 11. Kh2 b5 12. cxb5 axb5 13. e5 Ne8 14. f4 b4 15. Ne4
Be6 16. Bd2 Na6 17. a3 bxa3 18. bxa3 f6 19. exd6 exd6 20. Rc1 d5 21. N4c3 Qd7
22. Na4 Qd6 23. Nc5 Nxc5 24. Bb4 Rf7 25. Rxc5 Qd7 26. Qc2 Bf5 27. Qc3 Re7 28.
Ng1 Re6 29. g4 Be4 30. f5 Rd6 31. fxg6 hxg6 32. Nf3 {=} 32... Nc7 33. Rc1 Nb5
34. Qe3 Re6 35. Qf4 g5 36. Qd2 Bf8 37. Nxg5 fxg5 38. Qxg5+ Qg7 39. Qxg7+ Kxg7
40. Rxc6 Rxc6 41. Rxc6 Bxb4 42. Bxe4 Bd6+ 43. Kg2 dxe4 44. Rb6 Rb8 0-1

[Event "4NCL/Div2/GUI2 vs. WES1"]
[Site "Telford ENG"]
[Date "2004.03.21"]
[Round "6.4"]
[White "Simons, Martin J"]
[Black "Granat, Russell G"]
[Result "1-0"]
[WhiteElo "2285"]
[BlackElo "2252"]
[PlyCount "57"]
[EventDate "2004.03.21"]

1. e4 Nc6 2. d4 e5 3. dxe5 Nxe5 4. Nc3 Bc5 5. Bf4 Ng6 6. Bg3 d6 7. Qd2 Nf6 8.
O-O-O Bd7 9. Nf3 O-O 10. e5 dxe5 11. Nxe5 Nxe5 12. Bxe5 Bd6 13. Bxd6 cxd6 14.
Qxd6 Qa5 15. Bc4 Rac8 16. Bb3 Rc6 17. Qd2 Be6 18. Nd5 Qc5 19. Nxf6+ gxf6 20.
Rhe1 Rfc8 21. c3 Bxb3 22. axb3 Ra6 23. Qf4 Qh5 24. Kc2 Rc5 25. Rd8+ Kg7 26.
Ree8 Rg5 27. h4 Qg6+ 28. Kd2 Rd5+ 29. Rxd5 1-0

[Event "4NCL/Div2/GUI2 vs. WES1"]
[Site "Telford ENG"]
[Date "2004.03.21"]
[Round "6.5"]
[White "Jackson, Adrian"]
[Black "Yeo, Michael J"]
[Result "1/2-1/2"]
[WhiteElo "2217"]
[BlackElo "2244"]
[PlyCount "73"]
[EventDate "2004.03.21"]

1. e4 e5 2. Nf3 Nc6 3. Bb5 a6 4. Ba4 d6 5. Bxc6+ bxc6 6. d4 f6 7. Nh4 Ne7 8.
dxe5 fxe5 9. Bg5 Be6 10. O-O Qb8 11. b3 g6 12. Bf6 Rg8 13. f4 Qb6+ 14. Kh1 exf4
15. Nf3 Bg7 16. Bxg7 Rxg7 17. Qd4 Qxd4 18. Nxd4 Bd7 19. Rxf4 Rf7 20. Rxf7 Kxf7
21. Nd2 Re8 22. b4 Ng8 23. Re1 Nf6 24. N4f3 h6 25. Kg1 g5 26. a3 g4 27. Nd4 Re5
28. N4b3 Be8 29. Nc1 Re7 30. Nd3 Nd7 31. Kf2 Ne5 32. Kg3 Bd7 33. Rf1+ Kg7 34.
Nf4 Be8 35. Nd3 Bd7 36. Nf4 Be8 37. Nd3 1/2-1/2

[Event "4NCL/Div2/GUI2 vs. WES1"]
[Site "Telford ENG"]
[Date "2004.03.21"]
[Round "6.6"]
[White "Allicock, Rawle A"]
[Black "Anderton, Matthew N"]
[Result "1-0"]
[WhiteElo "2279"]
[BlackElo "2242"]
[PlyCount "81"]
[EventDate "2004.03.21"]

1. e4 e6 2. d4 d5 3. Nc3 Bb4 4. e5 c5 5. a3 Bxc3+ 6. bxc3 Qc7 7. Qg4 Ne7 8.
Qxg7 Rg8 9. Qxh7 cxd4 10. Ne2 Nbc6 11. Bf4 Bd7 12. h4 O-O-O 13. Rh3 Ng6 14. Bg5
Rdf8 15. f4 Rh8 16. Qg7 Rhg8 17. Qh7 Rh8 18. Qg7 Rhg8 19. Qf6 d3 20. cxd3 d4
21. c4 Qa5+ 22. Kf2 Ngxe5 23. fxe5 Rg6 24. Qf4 f6 25. Kg1 Nxe5 26. Qd2 Qc5 27.
Bf4 Nc6 28. Rg3 Rxg3 29. Nxg3 e5 30. Ne4 Qe7 31. Bg3 Rg8 32. c5 f5 33. Nd6+ Kb8
34. Be1 Nd8 35. Rb1 e4 36. dxe4 fxe4 37. Qxd4 e3 38. Nxb7 Nxb7 39. Rxb7+ Kxb7
40. Qd5+ Bc6 41. Ba6+ 1-0

[Event "4NCL/Div2/GUI2 vs. WES1"]
[Site "Telford ENG"]
[Date "2004.03.21"]
[Round "6.7"]
[White "Richardson, Keith B"]
[Black "Upton, Ian J"]
[Result "0-1"]
[WhiteElo "2219"]
[BlackElo "2224"]
[PlyCount "58"]
[EventDate "2004.03.21"]

1. c4 f5 2. g3 Nf6 3. Bg2 e5 4. Nc3 Bb4 5. Nf3 Bxc3 6. bxc3 d6 7. O-O c5 8. d4
Qc7 9. Nd2 O-O 10. Nb3 Nbd7 11. a4 a5 12. Ba3 Ra7 13. Qd3 e4 14. Qe3 b6 15. f3
exf3 16. exf3 Re8 17. Qd3 Nf8 18. Bc1 Qf7 19. Bh3 Qh5 20. Bg2 Rd7 21. Bd2 Ba6
22. d5 Ng6 23. f4 Qe2 24. Qxf5 Qxc4 25. Rab1 Rde7 26. Nc1 Ne4 27. Be1 Qxa4 28.
Rf3 Bc8 29. Qh5 Nf6 0-1

[Event "4NCL/Div2/GUI2 vs. WES1"]
[Site "Telford ENG"]
[Date "2004.03.21"]
[Round "6.8"]
[White "Khoo, Teresa"]
[Black "Yurenok, Maria S"]
[Result "1-0"]
[WhiteElo "2044"]
[BlackElo "2100"]
[PlyCount "119"]
[EventDate "2004.03.21"]

1. e4 c5 2. Nf3 e6 3. c3 d5 4. exd5 exd5 5. d4 Bd6 6. Bd3 Ne7 7. dxc5 Bxc5 8.
Qc2 Nbc6 9. Nbd2 Bd7 10. O-O h6 11. Re1 O-O 12. Nb3 Bb6 13. Bf4 Bc7 14. Bxc7
Qxc7 15. h3 Kh8 16. Rad1 Rad8 17. Re2 Ng8 18. Nbd4 Nf6 19. Qd2 Rfe8 20. Rde1
Rxe2 21. Rxe2 Nxd4 22. Nxd4 Re8 23. Rxe8+ Nxe8 24. Qe3 Qd8 25. Qe5 Nf6 26. Qd6
Qe8 27. Kh2 Kg8 28. Nf5 Bxf5 29. Bxf5 b6 30. Bc2 Qc8 31. Qe5 Qb7 32. Bf5 b5 33.
Qd6 Qb6 34. Qxb6 axb6 35. Bd3 Kf8 36. Bxb5 Ke7 37. Kg3 Kd6 38. Kf3 Ng8 39. Be8
f6 40. Ke3 Ne7 41. g4 Kc5 42. Kd3 g5 43. b4+ Kd6 44. Kd4 Kc7 45. b5 Kd6 46. Bf7
Kd7 47. Bxd5 Ng6 48. Bc4 Nf4 49. Bf1 Kd6 50. a3 Ne6+ 51. Ke4 Nf4 52. Kf5 Ke7
53. h4 Ne6 54. h5 Nf4 55. Bc4 Nh3 56. f3 Nf4 57. a4 Ng2 58. Kg6 Nh4+ 59. Kxh6
Kf8 60. a5 1-0

[Event "4NCL/Div2/PYO vs. BRI1"]
[Site "Telford ENG"]
[Date "2004.03.21"]
[Round "6.1"]
[White "Haslinger, Stewart"]
[Black "Cobb, Charles"]
[Result "1-0"]
[WhiteElo "2410"]
[BlackElo "2406"]
[PlyCount "119"]
[EventDate "2004.03.21"]

1. c4 e6 2. Nc3 d5 3. d4 Nf6 4. cxd5 exd5 5. Bg5 c6 6. Qc2 Be7 7. e3 Nbd7 8.
Bd3 Nh5 9. Bxe7 Qxe7 10. Nge2 g6 11. O-O O-O 12. Rae1 Nb6 13. Nc1 Be6 14. Nb3
Nd7 15. f3 Rac8 16. Qd2 Qd6 17. Bc2 f5 18. e4 fxe4 19. fxe4 Rxf1+ 20. Rxf1 Rf8
21. Rxf8+ Qxf8 22. exd5 cxd5 23. Qe3 Bf7 24. Nc1 Nhf6 25. Nd3 Qd6 26. h3 Kg7
27. Bb3 Nb6 28. Nc5 Nc4 29. Bxc4 dxc4 30. Qe5 Qc6 31. N5e4 Qe6 32. Nc5 Qc6 33.
N3e4 b6 34. Nd7 Qxd7 35. Qxf6+ Kg8 36. Qxb6 Qf5 37. Qb8+ Kg7 38. Qe5+ Qxe5 39.
dxe5 Bd5 40. Nf6 Bc6 41. Kf2 Kf7 42. g3 Ke6 43. Ke3 Kxe5 44. Nxh7 Bg2 45. h4
Kf5 46. Nf8 Bd5 47. a3 Bf7 48. Nd7 Be8 49. g4+ Ke6 50. Nc5+ Ke5 51. Ne4 Bd7 52.
h5 gxh5 53. gxh5 Bf5 54. Nd2 Kd5 55. Nf3 c3 56. bxc3 Kc4 57. Kd2 Be4 58. Ng5
Bf5 59. h6 Kb3 60. h7 1-0